Équipes des 5 grands championnats - Statistiques

Statistiques générales
  • Ce quiz a été pris 198 fois
  • Le résultat moyen est 40 sur 96
Statistiques - réponses
Réponse % Correct
Manchester City
86%
Manchester United
85%
Real Madrid
85%
Barcelona
83%
Liverpool
83%
Marseille
81%
Arsenal
80%
Paris SG
80%
Chelsea
77%
Inter Milan
75%
Lyon
75%
Atlético Madrid
74%
Lille
74%
AC Milan
72%
Juventus
71%
Bayern Munich
68%
Aston Villa
65%
Tottenham
64%
Nice
63%
Sevilla
63%
Borussia Dortmund
62%
Lens
62%
Stade Rennais
61%
Napoli
60%
Monaco
59%
Nantes
59%
Real Betis
56%
Strasbourg
56%
AS Roma
53%
Toulouse
53%
Valencia
51%
Bayer Leverkusen
50%
Brest
50%
Wolverhampton
50%
Angers
49%
Newcastle
49%
Villarreal
49%
Athletic Bilbao
48%
Paris FC
48%
Brighton
47%
Metz
47%
West Ham
47%
Lazio
45%
Everton
44%
Lorient
44%
Real Sociedad
44%
Sunderland
43%
Crystal Palace
41%
Nottingham
41%
Auxerre
39%
Le Havre
37%
Burnley
36%
Atalanta
35%
Brentford
35%
Leeds
35%
Torino
35%
Bournemouth
34%
Fiorentina
33%
Como
29%
Getafe
29%
Girona
29%
Fulham
28%
Union Berlin
28%
Rayo Vallecano
27%
Celta Vigo
26%
Espanyol
26%
Frankfurt
26%
Koln
25%
Bologna
24%
Genoa
23%
Osasuna
23%
Cagliari
22%
RB Leipzig
22%
Alavés
21%
Werder Bremen
21%
Hamburger
20%
Parma
20%
Stuttgart
20%
Wolfsburg
20%
Hellas Verona
18%
Monchengladbach
18%
Freiburg
17%
Pisa
17%
Las Palmas
16%
Lecce
16%
Mainz
15%
Sassuolo
15%
Udinese
15%
Valladolid
14%
Hoffenheim
13%
Augsburg
11%
Leganés
11%
Mallorca
11%
St Pauli
9%
Heidenheim
6%
Spezia
1%
Aucun quiz correspondant
Distribution des résultats
% des personnes avec chaque résultat
Percentile par nombre de réponses
Votre historique - résultats
Vous n’avez pas pris ce quiz